000 00256nam a2200121Ia 4500
008 190216s9999||||xx |||||||||||||| ||und||
100 _aNull
245 0 _aHindi-Neem Ka Pet
260 _bAnupam Prakashan
300 _a91
650 _aHindi
942 _cBK
999 _c16161
_d16161